Business Administration in Canada

Guardado en:
Detalles Bibliográficos
Formato: Libro
Lenguaje:inglés
Publicado: New York MacGraw Hill Co. 1963
Edición:1. ed.
Materias:
Etiquetas: Agregar Etiqueta
Sin Etiquetas, Sea el primero en etiquetar este registro!

MARC

LEADER 00000nam a2200000 4500
001 c001993
005 20221220103127.6
041 0 |a eng 
044 |a US 
245 1 0 |a Business Administration in Canada 
250 |a 1. ed. 
264 1 |a New York  |b MacGraw Hill Co.  |c 1963 
300 |a 889 s. 
610 2 0 |a podnik 
610 2 0 |a riadenie podnikové 
610 2 0 |a Kanada 
610 2 0 |a financie podnikové 
610 2 0 |a štúdie prípadové 
610 2 0 |a práca personálna 
610 2 0 |a výroba 
610 2 0 |a marketing 
610 2 0 |a manažment 
610 2 0 |a podnikanie